Draw 10 Missing Long Borders on the World Map #3 - Statistics

General Stats
  • This quiz has been taken 165 times
  • The average score is 305 of 317
Answers on the Map
Answers color-coded by a green-red scale on the quiz's map according to % correct below.
 
Answer Stats
L A B Bordering Countries % Correct
76 Afghanistan China afg-chi
97%
936 Afghanistan Iran afg-ira
97%
2430 Afghanistan Pakistan afg-pak
97%
744 Afghanistan Turkmenistan afg-tur
97%
137 Afghanistan Uzbekistan afg-uzb
97%
282 Albania Greece alb-gre
97%
112 Albania Kosovo alb-kos
97%
151 Albania Macedonia alb-mac
97%
172 Albania Montenegro alb-mon
97%
982 Algeria Libya alg-lib
97%
1376 Algeria Mali alg-mal
97%
463 Algeria Mauritania alg-mau
97%
1601 Algeria Morocco alg-mor
97%
956 Algeria Niger alg-nig
97%
965 Algeria Tunisia alg-tun
97%
56.6 Andorra France and-fra
97%
63.7 Andorra Spain and-spa
97%
2511 Angola Democratic Republic of the Congo ang-dem
97%
1376 Angola Namibia ang-nam
97%
201 Angola Republic of the Congo ang-rep
97%
1110 Angola Zambia ang-zam
97%
832 Argentina Bolivia arg-bol
97%
1224 Argentina Brazil arg-bra
97%
5300 Argentina Chile arg-chi
97%
1880 Argentina Paraguay arg-par
97%
579 Argentina Uruguay arg-uru
97%
787 Armenia Azerbaijan arm-aze
97%
164 Armenia Georgia arm-geo
97%
35 Armenia Iran arm-ira
97%
268 Armenia Turkey arm-tur
97%
362 Austria Czech Republic aus-cze
97%
784 Austria Germany aus-ger
97%
366 Austria Hungary aus-hun
97%
430 Austria Italy aus-ita
97%
35 Austria Liechtenstein aus-lie
97%
91 Austria Slovakia aus-slo
97%
330 Austria Slovenia aus-slo
97%
164 Austria Switzerland aus-swi
97%
322 Azerbaijan Georgia aze-geo
97%
432 Azerbaijan Iran aze-ira
97%
284 Azerbaijan Russia aze-rus
97%
9 Azerbaijan Turkey aze-tur
97%
4053 Bangladesh India ban-ind
97%
193 Bangladesh Myanmar ban-mya
97%
620 Belgium France bel-fra
97%
167 Belgium Germany bel-ger
97%
266 Belize Guatemala bel-gua
97%
141 Belarus Latvia bel-lat
97%
502 Belarus Lithuania bel-lit
97%
148 Belgium Luxembourg bel-lux
97%
250 Belize Mexico bel-mex
97%
450 Belgium Netherlands bel-net
97%
407 Belarus Poland bel-pol
97%
959 Belarus Russia bel-rus
97%
891 Belarus Ukraine bel-ukr
97%
306 Benin Burkina Faso ben-bur
97%
266 Benin Niger ben-nig
97%
773 Benin Nigeria ben-nig
97%
644 Benin Togo ben-tog
97%
470 Bhutan China bhu-chi
97%
605 Bhutan India bhu-ind
97%
3400 Bolivia Brazil bol-bra
97%
861 Bolivia Chile bol-chi
97%
750 Bolivia Paraguay bol-par
97%
900 Bolivia Peru bol-per
97%
932 Bosnia and Herzegovina Croatia bos-cro
97%
225 Bosnia and Herzegovina Montenegro bos-mon
97%
302 Bosnia and Herzegovina Serbia bos-ser
97%
1360 Botswana Namibia bot-nam
97%
1840 Botswana South Africa bot-sou
97%
0.15 Botswana Zambia bot-zam
97%
813 Botswana Zimbabwe bot-zim
97%
1643 Brazil Colombia bra-col
97%
673 Brazil France bra-fra
97%
1119 Brazil Guyana bra-guy
97%
1290 Brazil Paraguay bra-par
97%
1560 Brazil Peru bra-per
97%
597 Brazil Suriname bra-sur
97%
985 Brazil Uruguay bra-uru
97%
2200 Brazil Venezuela bra-ven
97%
381 Brunei Malaysia bru-mal
97%
494 Bulgaria Greece bul-gre
97%
148 Bulgaria Macedonia bul-mac
97%
608 Bulgaria Romania bul-rom
97%
318 Bulgaria Serbia bul-ser
97%
240 Bulgaria Turkey bul-tur
97%
584 Burkina Faso Cote d'Ivoire bur-cot
97%
233 Burundi Democratic Republic of the Congo bur-dem
97%
549 Burkina Faso Ghana bur-gha
97%
1000 Burkina Faso Mali bur-mal
97%
628 Burkina Faso Niger bur-nig
97%
290 Burundi Rwanda bur-rwa
97%
451 Burundi Tanzania bur-tan
97%
126 Burkina Faso Togo bur-tog
97%
797 Cameroon Central African Republic cam-cen
97%
1094 Cameroon Chad cam-cha
97%
189 Cameroon Equatorial Guinea cam-equ
97%
298 Cameroon Gabon cam-gab
97%
541 Cambodia Laos cam-lao
97%
1690 Cameroon Nigeria cam-nig
97%
523 Cameroon Republic of the Congo cam-rep
97%
803 Cambodia Thailand cam-tha
97%
1228 Cambodia Vietnam cam-vie
97%
8893 Canada United States can-uni
97%
1197 Central African Republic Chad cen-cha
97%
1577 Central African Republic Democratic Republic of the Congo cen-dem
97%
467 Central African Republic Republic of the Congo cen-rep
97%
682 Central African Republic South Sudan cen-sou
97%
483 Central African Republic Sudan cen-sud
97%
1055 Chad Libya cha-lib
97%
87 Chad Nigeria cha-nig
97%
1175 Chad Niger cha-nig
97%
1360 Chad Sudan cha-sud
97%
3380 China India chi-ind
97%
1533 China Kazakhstan chi-kaz
97%
858 China Kyrgyzstan chi-kyr
97%
423 China Laos chi-lao
97%
4677 China Mongolia chi-mon
97%
1236 China Nepal chi-nep
97%
1416 China North Korea chi-nor
97%
523 China Pakistan chi-pak
97%
160 Chile Peru chi-per
97%
414 China Tajikistan chi-taj
97%
1281 China Vietnam chi-vie
97%
590 Colombia Ecuador col-ecu
97%
225 Colombia Panama col-pan
97%
2050 Colombia Venezuela col-ven
97%
309 Costa Rica Nicaragua cos-nic
97%
330 Costa Rica Panama cos-pan
97%
668 Cote d'Ivoire Ghana cot-gha
97%
610 Cote d'Ivoire Guinea cot-gui
97%
716 Cote d'Ivoire Liberia cot-lib
97%
532 Cote d'Ivoire Mali cot-mal
97%
329 Croatia Hungary cro-hun
97%
25 Croatia Montenegro cro-mon
97%
241 Croatia Serbia cro-ser
97%
670 Croatia Slovenia cro-slo
97%
815 Czech Republic Germany cze-ger
97%
658 Czech Republic Poland cze-pol
97%
215 Czech Republic Slovakia cze-slo
97%
2410 Democratic Republic of the Congo Republic of the Congo dem-rep
97%
217 Democratic Republic of the Congo Rwanda dem-rwa
97%
628 Democratic Republic of the Congo South Sudan dem-sou
97%
459 Democratic Republic of the Congo Tanzania dem-tan
97%
765 Democratic Republic of the Congo Uganda dem-uga
97%
1930 Democratic Republic of the Congo Zambia dem-zam
97%
68 Denmark Germany den-ger
97%
109 Djibouti Eritrea dji-eri
97%
349 Djibouti Ethiopia dji-eth
97%
58 Djibouti Somalia dji-som
97%
360 Dominican Republic Haiti dom-hai
97%
228 East Timor Indonesia eas-ind
97%
1420 Ecuador Peru ecu-per
97%
277 Egypt Israel egy-isr
97%
1115 Egypt Libya egy-lib
97%
203 El Salvador Guatemala el -gua
97%
342 El Salvador Honduras el -hon
97%
350 Equatorial Guinea Gabon equ-gab
97%
912 Eritrea Ethiopia eri-eth
97%
605 Eritrea Sudan eri-sud
97%
339 Estonia Latvia est-lat
97%
294 Estonia Russia est-rus
97%
861 Ethiopia Kenya eth-ken
97%
1600 Ethiopia Somalia eth-som
97%
883 Ethiopia South Sudan eth-sou
97%
723 Ethiopia Sudan eth-sud
97%
736 Finland Norway fin-nor
97%
1340 Finland Russia fin-rus
97%
614 Finland Sweden fin-swe
97%
451 France Germany fra-ger
97%
488 France Italy fra-ita
97%
73 France Luxembourg fra-lux
97%
4.4 France Monaco fra-mon
97%
10.2 France Netherlands fra-net
97%
623 France Spain fra-spa
97%
510 France Suriname fra-sur
97%
573 France Switzerland fra-swi
97%
1903 Gabon Republic of the Congo gab-rep
97%
740 Gambia Senegal gam-sen
97%
723 Georgia Russia geo-rus
97%
252 Georgia Turkey geo-tur
97%
138 Germany Luxembourg ger-lux
97%
577 Germany Netherlands ger-net
97%
456 Germany Poland ger-pol
97%
334 Germany Switzerland ger-swi
97%
877 Ghana Togo gha-tog
97%
246 Greece Macedonia gre-mac
97%
206 Greece Turkey gre-tur
97%
256 Guatemala Honduras gua-hon
97%
962 Guatemala Mexico gua-mex
97%
386 Guinea Guinea-Bissau gui-gui
97%
563 Guinea Liberia gui-lib
97%
858 Guinea Mali gui-mal
97%
330 Guinea Senegal gui-sen
97%
338 Guinea-Bissau Senegal gui-sen
97%
652 Guinea Sierra Leone gui-sie
97%
600 Guyana Suriname guy-sur
97%
743 Guyana Venezuela guy-ven
97%
922 Honduras Nicaragua hon-nic
97%
443 Hungary Romania hun-rom
97%
151 Hungary Serbia hun-ser
97%
102 Hungary Slovenia hun-slo
97%
677 Hungary Slovakia hun-slo
97%
103 Hungary Ukraine hun-ukr
97%
1782 Indonesia Malaysia ind-mal
97%
1463 India Myanmar ind-mya
97%
1690 India Nepal ind-nep
97%
820 Indonesia Papua New Guinea ind-pap
97%
1458 Iran Iraq ira-ira
97%
181 Iraq Jordan ira-jor
97%
240 Iraq Kuwait ira-kuw
97%
909 Iran Pakistan ira-pak
97%
814 Iraq Saudi Arabia ira-sau
97%
605 Iraq Syria ira-syr
97%
352 Iraq Turkey ira-tur
97%
499 Iran Turkey ira-tur
97%
992 Iran Turkmenistan ira-tur
97%
360 Ireland United Kingdom ire-uni
97%
335 Israel Jordan isr-jor
97%
79 Israel Lebanon isr-leb
97%
76 Israel Syria isr-syr
97%
39 Italy San Marino ita-san
97%
232 Italy Slovenia ita-slo
97%
740 Italy Switzerland ita-swi
97%
3.2 Italy Vatican City ita-vat
97%
744 Jordan Saudi Arabia jor-sau
97%
375 Jordan Syria jor-syr
97%
1051 Kazakhstan Kyrgyzstan kaz-kyr
97%
379 Kazakhstan Turkmenistan kaz-tur
97%
2203 Kazakhstan Uzbekistan kaz-uzb
97%
682 Kenya Somalia ken-som
97%
232 Kenya South Sudan ken-sou
97%
769 Kenya Tanzania ken-tan
97%
159 Kosovo Macedonia kos-mac
97%
79 Kosovo Montenegro kos-mon
97%
352 Kosovo Serbia kos-ser
97%
222 Kuwait Saudi Arabia kuw-sau
97%
870 Kyrgyzstan Tajikistan kyr-taj
97%
1099 Kyrgyzstan Uzbekistan kyr-uzb
97%
235 Laos Myanmar lao-mya
97%
1754 Laos Thailand lao-tha
97%
2130 Laos Vietnam lao-vie
97%
453 Latvia Lithuania lat-lit
97%
217 Latvia Russia lat-rus
97%
375 Lebanon Syria leb-syr
97%
909 Lesotho South Africa les-sou
97%
354 Libya Niger lib-nig
97%
306 Liberia Sierra Leone lib-sie
97%
383 Libya Sudan lib-sud
97%
459 Libya Tunisia lib-tun
97%
41 Liechtenstein Switzerland lie-swi
97%
91 Lithuania Poland lit-pol
97%
227 Lithuania Russia lit-rus
97%
62 Macedonia Serbia mac-ser
97%
2237 Mali Mauritania mal-mau
97%
1569 Malawi Mozambique mal-moz
97%
821 Mali Niger mal-nig
97%
419 Mali Senegal mal-sen
97%
475 Malawi Tanzania mal-tan
97%
506 Malaysia Thailand mal-tha
97%
837 Malawi Zambia mal-zam
97%
1561 Mauritania Morocco mau-mor
97%
3141 Mexico United States mex-uni
97%
450 Moldova Romania mol-rom
97%
939 Moldova Ukraine mol-ukr
97%
3485 Mongolia Russia mon-rus
97%
124 Montenegro Serbia mon-ser
97%
17 Morocco Spain mor-spa
97%
491 Mozambique South Africa moz-sou
97%
105 Mozambique Swaziland moz-swa
97%
756 Mozambique Tanzania moz-tan
97%
419 Mozambique Zambia moz-zam
97%
1231 Mozambique Zimbabwe moz-zim
97%
1800 Myanmar Thailand mya-tha
97%
967 Namibia South Africa nam-sou
97%
233 Namibia Zambia nam-zam
97%
1497 Niger Nigeria nig-nig
97%
19 North Korea Russia nor-rus
97%
196 Norway Russia nor-rus
97%
238 North Korea South Korea nor-sou
97%
1619 Norway Sweden nor-swe
97%
676 Oman Saudi Arabia oma-sau
97%
410 Oman United Arab Emirates oma-uni
97%
288 Oman Yemen oma-yem
97%
206 Poland Russia pol-rus
97%
444 Poland Slovakia pol-slo
97%
526 Poland Ukraine pol-ukr
97%
1214 Portugal Spain por-spa
97%
60 Qatar Saudi Arabia qat-sau
97%
476 Romania Serbia rom-ser
97%
531 Romania Ukraine rom-ukr
97%
1576 Russia Ukraine rus-ukr
97%
217 Rwanda Tanzania rwa-tan
97%
169 Rwanda Uganda rwa-uga
97%
457 Saudi Arabia United Arab Emirates sau-uni
97%
1458 Saudi Arabia Yemen sau-yem
97%
97 Slovakia Ukraine slo-ukr
97%
1937 South Sudan Sudan sou-sud
97%
430 South Africa Swaziland sou-swa
97%
435 South Sudan Uganda sou-uga
97%
225 South Africa Zimbabwe sou-zim
97%
1.2 Spain United Kingdom spa-uni
97%
822 Syria Turkey syr-tur
97%
396 Tanzania Uganda tan-uga
97%
338 Tanzania Zambia tan-zam
97%
1621 Turkmenistan Uzbekistan tur-uzb
97%
797 Zambia Zimbabwe zam-zim
97%
1273 Egypt Sudan Egypt-Sudan
79%
1496 Colombia Peru Colombia-Peru
71%
6846 Kazakhstan Russia Kazakhstan-Russia
70%
2185 China Myanmar China-Myanmar
69%
3645 China Russia China-Russia
64%
1206 Afghanistan Tajikistan Afghanistan-Tajikistan
60%
1161 Tajikistan Uzbekistan Tajikistan-Uzbekistan
59%
2912 India Pakistan India-Pakistan
57%
933 Kenya Uganda Kenya-Uganda
56%
813 Mauritania Senegal Mauritania-Senegal
54%
No matching quizzes found
Score Distribution
Percent of People with Each Score
Percentile by Number Answered
Your Score History
You have not taken this quiz